00527nam a2200145Ia 4500008004100000020001800041041000800059082001800067100003800085245015700123250000600280260004900286300001300335650003300348210716s2004 xx 000 0 und d a9788131211212 aeng a621.3822 MILS aMiller, Scott L;Childers, Donald. aProbability and random processes: with applications to signal processing and communications.bWith applications to signal processing and communications. a1 aNew DelhibReed Elsevier India Pvt Ltdc2004 axiii,536 aSignal Processing (621.3822)